[Event "Tradewise Gibraltar Masters 14th"]
[Site "Gibraltar"]
[Date "2016.02.04"]
[Round "10.121"]
[White "Wilson, Matthew R"]
[Black "Beadle, John R"]
[Result "1-0"]
[WhiteElo "1873"]
[BlackElo "1560"]
[PlyCount "65"]
[EventDate "2016.01.26"]
[EventType "swiss"]
[EventRounds "10"]
[EventCountry "GGB"]
[Source "www.saund.co.uk"]
[SourceDate "2005.02.07"]

1. e4 c6 2. d4 d5 3. exd5 cxd5 4. Bd3 Nc6 5. c3 Nf6 6. Bf4 Bg4 7. Qb3 Qd7 8.
Nd2 e6 9. Ngf3 Nh5 10. Be3 Bxf3 11. Nxf3 Bd6 12. O-O h6 13. Rfe1 O-O 14. Rac1
Rac8 15. Qd1 Nf6 16. Bd2 Qc7 17. Qe2 Nd7 18. c4 Rfe8 19. c5 Bf4 20. b4 Bxd2 21.
Qxd2 e5 22. dxe5 Ncxe5 23. Nxe5 Nxe5 24. Bf5 Rcd8 25. Qe2 g6 26. Bb1 Nc6 27.
Qd2 Rxe1+ 28. Rxe1 Ne5 29. Qxh6 Ng4 30. Qh4 Ne5 31. Qg3 Re8 32. f4 Nf3+ 33.
gxf3 1-0